[Event "Winter Malopolska Cup Master 2022"]
[Site "Krakow"]
[Date "2022.01.15"]
[Round "2.1"]
[White "Kyc, Jerzy"]
[Black "Mirski, Michal"]
[Result "1-0"]
[WhiteElo "2250"]
[BlackElo "2039"]
[Annotator "TA"]
[PlyCount "113"]
[EventDate "2022.01.15"]
[EventType "swiss"]
[EventCountry "POL"]
[SourceTitle "playchess.com"]
[Source "ChessBase"]
[SourceQuality "1"]

{[%evp 18,113,37,37,45,40,36,37,33,22,34,0,31,22,53,28,58,26,39,41,35,33,27,12,21,0,0,-15,0,-16,0,0,0,-27,-11,-22,-13,-64,-62,-62,-63,-67,-75,-82,-75,-86,-95,-104,-107,-131,0,-83,0,-134,0,-68,-54,-43,-25,-29,-25,-88,-70,-152,0,0,0,0,111,0,0,0,0,0,0,0,0,0,0,0,0,0,0,0,0,0,658,83,104,91,93,100,94,47,1000,992,5193,5173]} 1. e4 c5 2. Nf3 Nc6 3. d4 cxd4 4. Nxd4 Nf6 5. Nc3 d6 6. Bg5 e6 7. Qd2 a6 8. O-O-O Bd7 {The main line 8...Bd7 scores better than 8...h6.} 9. f3 h6 10. Be3 h5 {B66: Sicilian: Richter-Rauzer: 7...a6 8 0-0-0 h6.} 11. Bg5 (11. h3 {keeps more tension.} Be7 12. Kb1 h4 13. Rg1 b5 14. a3) 11... b5 12. Nxc6 Bxc6 {White is slightly better.} 13. Bd3 Be7 14. h4 Qc7 15. Ne2 {[#]} Bb7 $146 ({Predecessor:} 15... e5 16. Ng3 g6 17. f4 Ng4 18. f5 Rd8 19. Rhf1 Bxg5 20. hxg5 Qb6 21. Rde1 O-O {0-1 (55) Kriebel,T (2445)-Papp,G (2583) Slovakia 2016}) 16. Kb1 Qc5 17. Be3 Qc7 18. Nd4 Nd7 19. Bg5 Ne5 20. Bxe7 Qxe7 21. f4 Ng4 22. Qe1 Rc8 23. Be2 O-O 24. Bxg4 hxg4 25. h5 Rc4 (25... f5 26. exf5 Rce8 27. fxe6 (27. Nxe6 Rxf5 28. Nd4 Rxf4 $17) 27... Rxf4 28. Rf1 $16) 26. b3 Rc5 27. Qe2 (27. h6 g6 28. Qe3 Rfc8 $17) (27. g3 $11) 27... Rfc8 $15 28. h6 g6 29. e5 dxe5 30. fxe5 Qg5 $1 31. h7+ Kh8 32. Qf2 R5c7 33. Qe2 Rc5 (33... Rd8 $142 {Hoping for ...Rcd7.} 34. Rd3 Rd5) 34. Qf2 $1 $17 R5c7 (34... Qxe5 $142 {And now ...Be4 would win.} 35. Qxf7 Bxg2) 35. Qe2 {To avoid Be4} Rc5 (35... Rd8 $17 {White must now prevent ...Rcd7.} 36. Rd3 Rd5) 36. Rhe1 (36. Qf2 $1 $11) 36... R8c7 37. Qf2 {[%cal Od4e6] White threatens Nxe6! and mate.} Bd5 (37... Rxe5 $2 38. Nxe6 $1 {[%mdl 512]} Rxe6 39. Rxe6 fxe6 40. Qf8+ Kxh7 41. Rh1+ Qh5 42. Rxh5+ gxh5 43. Qe8 $18) 38. Rd3 $1 Kxh7 39. Qg3 (39. Rg3 $1 $11) 39... Kg7 40. Qh2 (40. c3 $15) 40... Qh5 $2 (40... b4 $17 {aiming for ...Rc3.} 41. a3 (41. Rh1 $2 Qh5 $17) 41... bxa3) 41. Qf4 $11 {Threatens to win with Rdd1.} Qh4 (41... Bxg2 $2 42. Nxe6+ $1 {[%mdl 512]} fxe6 43. Qf6+ Kh6 44. Rd8 $18) 42. g3 Qe7 {[#]} (42... Qh6 $11 {remains equal.}) 43. Qxg4 {White is more active.} ({White should play} 43. Rd2 $1 $16 {[%cal Rd2h2] Rh2 is the strong threat.} f5 44. exf6+ (44. Rh2 g5 $16) 44... Qxf6 45. Qd6) 43... Rc8 44. Qf4 Rh8 45. Rf1 Rc7 46. Kb2 Rh2 47. Rd2 {Dancing on a razor blade.} Rxd2 48. Qxd2 Qc5 49. Rf4 {Inhibits Be4. Strongly threatening Rh4.} b4 50. Kb1 Qc3 51. Qf2 $40 {[%mdl 128] White mounts an attack.} a5 $2 {[%mdl 8192] [#]} (51... Kg8 $11) 52. Nb5 $2 (52. Rh4 $1 $18 {and the rest is easy. Qf6+ would kill now.} Kg8 53. Nb5 Qxe5 54. Nxc7) 52... Qxe5 $16 53. Nxc7 Qxc7 54. Qe3 g5 55. Rf2 ({White should try} 55. Rd4 $16 f6 56. Rd2) 55... f5 $2 {[%mdl 8192]} (55... Kg6 $14) 56. Qxg5+ $18 Kf7 57. Rh2 {Weighted Error Value: White=0.31/Black=0.39} 1-0

[Event "Winter Malopolska Cup Master 2022"]
[Site "Krakow"]
[Date "2022.01.15"]
[Round "2.2"]
[White "Saraev, Yaroslav"]
[Black "Golenia, Wojciech"]
[Result "0-1"]
[WhiteElo "1922"]
[BlackElo "2059"]
[Annotator "TA"]
[PlyCount "94"]
[EventDate "2022.01.15"]
[EventType "swiss"]
[EventCountry "POL"]
[SourceTitle "playchess.com"]
[Source "ChessBase"]
[SourceQuality "1"]

{[%evp 19,94,-3,5,0,0,-9,0,-25,32,-43,-4,-46,-53,-69,-58,-64,-27,-32,-15,-97,38,34,31,33,44,14,12,10,8,14,18,12,11,0,22,16,19,-89,0,-16,-16,-11,4,-16,0,-13,0,-27,0,-302,-320,-292,-303,-293,-290,-291,-296,-839,-831,-814,-689,-804,-785,-1827,-1115,-1558,-1566,-1566,-1559,-1541,-1540,-1383,-1279,-29984,-29984,-29991,-29991]} 1. Nf3 Nf6 2. c4 b6 3. g3 Bb7 4. Bg2 e6 5. O-O Be7 6. b3 O-O 7. Bb2 d5 8. d4 Nbd7 9. Nbd2 c5 10. cxd5 exd5 11. Nh4 {E17: Queen's Indian: 4 g3 Bb7 5 Bg2 Be7.} Re8 12. dxc5 bxc5 13. Rc1 {[%cal Oe2e4] The position is equal.} Qb6 {[#]} (13... a5 $11) 14. Rc2 $146 (14. e4 $14 d4 15. Re1) ({Predecessor:} 14. Nf5 Bf8 15. Ne3 Rad8 16. Nf3 g6 17. Rc2 {½-½ (18) Dooley,M-Fox,A (2120) Drogheda 1999}) 14... Rac8 15. Qa1 (15. Re1 $11) 15... Bf8 16. Bh3 Rcd8 (16... Rxe2 17. Nc4 $1 {[%mdl 512]} dxc4 18. Rxe2 $16) 17. Rd1 Ba6 {White must now prevent ...g5.} ({Don't take} 17... Rxe2 18. Nc4 $1 Rxc2 19. Nxb6 axb6 20. Bf1 $14) 18. e3 $1 Bd3 19. Rc3 (19. Rcc1 $11 {was the only way to keep the balance.}) 19... Qa6 {[#] Black is more active.} (19... Ne5 $17 20. Rcc1 d4 21. exd4 cxd4) 20. Rxd3 $1 $14 Qxd3 21. Bf1 $1 Qc2 {[%cal Od5d4] [#]} 22. Rc1 $1 Qxd2 23. Bc3 Qxc1 24. Qxc1 Rc8 25. Ba6 {[%mdl 1024] White has compensation.} Rb8 26. Ba5 Nb6 27. Nf3 Ne4 28. Ne1 (28. Nd2 $11) 28... Rbd8 (28... c4 $1 $17) 29. f3 Nd6 30. g4 g6 31. Kg2 ({But not} 31. Qxc5 Ndc4 $1 32. Qb5 Nxa5 33. Qxa5 Rxe3 $17) 31... Bh6 32. Bd2 {A strong pair of Bishops.} c4 {[%cal Od5d4,Bc5c4,Bc4c3][%mdl 32]} 33. h4 d4 {Strongly threatening ...c3.} 34. e4 $2 {[%mdl 8192]} ({Wrong is} 34. exd4 $2 Re2+ 35. Kh3 Bxd2 $19) (34. bxc4 $11 Nbxc4 35. Bxc4) 34... Bxd2 $19 35. Qxd2 {[#]} d3 $1 36. Qd1 d2 {...Nxe4 is the strong threat.} 37. Nc2 c3 38. g5 $2 {[#]} (38. Be2) 38... Nxe4 $1 {[%mdl 512]} 39. fxe4 Rxe4 40. Bb7 Nd5 {Threatens to win with ...Ne3+.} 41. Kf3 {Inhibits Ne3.} Re7 42. Bc6 {[#]} Nb4 $1 {[%mdl 576] Deflection, Promotion} 43. Nxb4 Re1 44. Qc2 d1=Q+ 45. Qxd1 Rdxd1 46. Be4 Rd4 {[%csl LRb4,LRe4]} 47. Nd5 {[#]} Rxd5 $1 {Weighted Error Value: White=0.76/Black=0.30} 0-1

[Event "Winter Malopolska Cup Master 2022"]
[Site "Krakow"]
[Date "2022.01.15"]
[Round "2.3"]
[White "Trybus, Daniel"]
[Black "Czaplak, Lukasz"]
[Result "1/2-1/2"]
[WhiteElo "2067"]
[BlackElo "1877"]
[Annotator "TA"]
[PlyCount "97"]
[EventDate "2022.01.15"]
[EventType "swiss"]
[EventCountry "POL"]
[SourceTitle "playchess.com"]
[Source "ChessBase"]
[SourceQuality "1"]

{[%evp 32,97,50,18,17,17,10,8,15,14,12,13,8,17,14,8,15,-41,157,122,114,124,127,116,106,89,91,77,81,85,114,110,100,91,101,59,57,57,56,60,77,55,138,130,170,150,187,192,182,83,170,93,161,156,352,352,352,352,352,352,352,75,118,0,0,2,2,6]} 1. e4 e6 2. d4 d5 3. Nd2 Nf6 4. e5 Nfd7 5. Bd3 c5 6. c3 Nc6 7. Ne2 cxd4 8. cxd4 f6 9. exf6 Nxf6 {[%cal Bd7f6,Bf6e4,Be4g5,Bg5h3][%mdl 32]} 10. O-O Bd6 11. Nf3 O-O 12. Bf4 Bxf4 13. Nxf4 Ne4 14. Ne2 Rxf3 15. gxf3 Ng5 16. f4 Nh3+ 17. Kh1 {[%cal Od3h7]} (17. Kg2 $5 {[%cal Rg2h3]} Qh4 18. f5 $11) 17... Qh4 {[%csl LRf2,LRf4] C06: French Tarrasch: 3...Nf6 4 e5 Nfd7 5 Bd3 main lines.} 18. Qe1 {Black must now prevent f3.} Nxf4 19. Nxf4 Qxf4 20. Qe3 {Inhibits Qf3+.} Qxd4 21. Qxd4 Nxd4 22. f4 Bd7 23. Rad1 {[%cal Od3h7]} Nc6 {[#]} 24. f5 $146 (24. h4 $11) ({Predecessor:} 24. Kg2 Kf7 25. Kg3 Kf6 26. h4 Be8 27. Rd2 h6 28. a3 a5 29. Rg1 Rc8 30. Rdg2 {½-½ (60) Armas,J (2460)-Navrotescu,C (2335) Predeal 1988}) 24... exf5 $2 (24... e5 $15 {keeps the upper hand.}) 25. Bxf5 $16 Bxf5 26. Rxf5 $15 {[%mdl 4096] Endgame KRR-KRN} d4 27. Rd5 {[%mdl 1024] White has strong compensation. White is more active.} Rf8 28. a3 {[%cal Ba2a3,Ba3a4,Ba4b5][%mdl 32]} a6 29. Kg2 {Inhibits Rf2+.} Rf7 30. b4 h6 31. Rb1 Re7 32. a4 Re2+ 33. Kf3 (33. Kg3 $16) 33... Rxh2 $14 34. b5 axb5 35. axb5 Na5 36. Rxd4 {Threatens to win with Ra4.} Rc2 (36... Rh5 $14) 37. Ke4 $16 Rc7 38. Kd5 {Prevents Nc4.} b6 39. Kd6 Rc5 40. Rd5 (40. Ke6 $1 $18) 40... Rc3 (40... Nb7+ $16 41. Ke5 Rc7) 41. Rb4 (41. Rg1 $18) 41... Nc4+ (41... Nb7+ $16 42. Ke5 Rc7) 42. Ke6 $18 {Hoping for Rd8+.} Kh7 $2 {[#]} (42... Re3+ $16 43. Kf5 Rc3) 43. Rd4 $1 Na3 44. Rd6 Rg3 45. Kd7 h5 46. Kc7 $2 (46. Rxb6 $18 Rg4 47. Rb3 (47. Rxg4 hxg4 48. Ke8 g3 $11)) 46... Rg4 $16 {[#]} 47. Rxg4 (47. Rb3 $1 $16 {[%cal Rb3a3]} Nc4 48. Rc6) 47... Nxb5+ $11 48. Kc6 Nxd6 49. Rh4 {Weighted Error Value: White=0.33/Black=0.26 (precise)} 1/2-1/2

[Event "Winter Malopolska Cup Master 2022"]
[Site "Krakow"]
[Date "2022.01.15"]
[Round "2.4"]
[White "Owoc, Jakub"]
[Black "Pniaczek, Marek"]
[Result "0-1"]
[WhiteElo "1701"]
[BlackElo "2329"]
[Annotator "TA"]
[PlyCount "66"]
[EventDate "2022.01.15"]
[EventType "swiss"]
[EventCountry "POL"]
[SourceTitle "playchess.com"]
[Source "ChessBase"]
[SourceQuality "1"]

{[%evp 9,66,0,0,0,0,0,0,0,-11,-11,7,-8,-8,-2,0,-9,-15,-21,17,43,40,47,78,0,0,-11,-12,-14,-24,-38,-11,-14,-13,-10,-6,-22,-25,-45,0,0,0,0,0,-8,0,-87,-68,-160,0,-122,-119,-137,-65,-510,-480,-871,-863,-1080,-1080]} 1. e4 Nc6 2. Nf3 e5 3. Nc3 Nf6 4. a4 a6 5. d4 exd4 6. Nxd4 {C47: Scotch Four Knights and Four Knights with 4 g3.} Bb4 {With the idea ...Nxe4.} 7. Nxc6 $1 bxc6 8. Bd3 {The position is equal.} d5 9. exd5 O-O {[%cal Bh8f8,Bf8e8,Be8e3][%mdl 32] [#]} (9... Nxd5 10. O-O $14) 10. dxc6 $146 ({Predecessor:} 10. O-O cxd5 11. Bg5 c6 12. a5 h6 13. Bh4 g5 14. Bg3 Bxa5 15. Na4 Bb4 16. c3 {1-0 (80) Haarr,J (2162)-Darnell,A (2006) Kvisla 2021}) 10... Re8+ 11. Be3 Ng4 12. O-O Qd6 {[%csl Gg4][%cal Rd6h2] To avoid Bf4} 13. g3 {[%cal Oc3d5]} Nxe3 14. fxe3 Bxc3 15. bxc3 (15. Qh5 $2 Bf6 16. Qxh7+ Kf8 $19) 15... Rxe3 16. Qh5 (16. Bc4 $16 Rxg3+ 17. Kh1 (17. hxg3 Qxg3+ 18. Kh1 Qh4+ 19. Kg1 Qg3+ 20. Kh1 Qh4+ 21. Kg1 Qg3+ $11) 17... Rxc3 18. Qxd6 (18. Bxf7+ Kh8 $16) 18... cxd6 19. Bxf7+ Kh8 20. Bd5) 16... g6 $11 17. Qg5 Re5 18. Qf4 Be6 19. Rae1 Rxe1 20. Rxe1 Qxc6 21. Qd4 Rb8 22. a5 Bh3 {[%csl Gh3][%cal Rc6g2]} 23. Be4 {Inhibits Qg2+.} Qe6 (23... Qb5 $15 {might be stronger.}) 24. Kf2 $1 Re8 {Hoping for ...Bf5.} 25. Re3 Qc8 $40 {[%mdl 128] White needs to defend precisely.} 26. Qc5 {[%cal Oe4b7]} Qd8 27. Qd4 (27. Bf3 $11) 27... Qg5 $17 28. Qd5 {[#]} (28. c4 $1 $15) 28... Bf5 $2 (28... Qf6+ $1 $17 29. Rf3 Qe7) 29. h4 (29. Qc5 $11 {was the only way to keep the balance.}) 29... Qe7 {[%cal Rf5e4]} 30. Kf3 {[#]} Bh3 ({Black should try} 30... Rd8 $1 $17 {[%cal Rd8d5]} 31. Qc4 Be6) 31. Qc6 {[%mdl 8192]} (31. Kf2 $15) 31... Kh8 {White must now prevent ...f5. Black is clearly winning.} ({Not} 31... Qe5 $2 32. Kf2 $19) 32. Re2 (32. Qd5 $142 Qf6+ 33. Ke2) 32... f5 $19 ({Stronger than} 32... Qe5 33. Bd3 Qh5+ 34. Kf2 Rxe2+ 35. Bxe2 $11) 33. Bd3 Bg4+ {Weighted Error Value: White=0.67/Black=0.16 (very precise)} 0-1

[Event "Winter Malopolska Cup Master 2022"]
[Site "Krakow"]
[Date "2022.01.15"]
[Round "2.5"]
[White "Tokarz, Izabela"]
[Black "Wilk, Igor"]
[Result "1/2-1/2"]
[WhiteElo "1728"]
[BlackElo "1768"]
[Annotator "NA RC"]
[PlyCount "61"]
[EventDate "2022.01.15"]
[EventType "swiss"]
[EventCountry "POL"]
[SourceTitle "playchess.com"]
[Source "ChessBase"]
[SourceQuality "1"]
[TimeControl "5400+30"]

1. d4 {[%emt 0:00:00]} d5 {[%emt 0:00:09]} 2. c4 {[%emt 0:00:04]} e6 {[%emt 0:00:03]} 3. Nc3 {[%emt 0:00:03]} Nf6 {[%emt 0:00:07]} 4. cxd5 {[%emt 0:00:02]} exd5 {[%emt 0:00:07]} 5. Bg5 {[%emt 0:00:06]} Be7 {[%emt 0:00:07]} 6. Qc2 {[%emt 0:00:05]} c6 {[%emt 0:00:15]} 7. e3 {[%emt 0:00:06]} O-O {[%emt 0:00:14]} 8. Bd3 {[%emt 0:00:04]} Nbd7 {[%emt 0:00:06]} 9. Nge2 {[%emt 0:05:18]} Re8 {[%emt 0:01:18]} 10. O-O {[%emt 0:01:43]} h6 {[%emt 0:01:45]} 11. Bh4 {[%emt 0:00:12]} Ne4 {[%emt 0:04:05]} 12. Bxe7 {[%emt 0:04:51]} Qxe7 {[%emt 0:00:09]} 13. Rae1 {[%emt 0:01:05]} Ndf6 {[%emt 0:04:03]} 14. f3 {[%emt 0:00:46]} Nxc3 {[%emt 0:00:22]} 15. Nxc3 {[%emt 0:00:02]} Qd6 {[%emt 0:03:09]} 16. Qf2 {[%emt 0:04:38]} Bd7 {[%emt 0:01:26]} 17. Bb1 {[%emt 0:07:03]} c5 {[%emt 0:02:36]} 18. Rd1 {[%emt 0:01:59]} cxd4 {[%emt 0:08:02]} 19. Rxd4 {[%emt 0:00:41]} Qe5 {[%emt 0:00:09]} 20. e4 {[%emt 0:04:31]} dxe4 {[%emt 0:01:14]} 21. Nxe4 {[%emt 0:12:57]} Bc6 {[%emt 0:03:01]} 22. Rfd1 {[%emt 0:07:17]} Nxe4 {[%emt 0:03:36]} 23. Bxe4 {[%emt 0:00:18]} Bxe4 {[%emt 0:00:30]} 24. Rxe4 {[%emt 0:00:05]} Qa5 {[%emt 0:03:18]} 25. Rxe8+ {[%emt 0:01:32]} Rxe8 {[%emt 0:00:13]} 26. a3 {[%emt 0:00:04]} Qb5 {[%emt 0:01:25]} 27. Rd2 {[%emt 0:00:41]} a6 {[%emt 0:02:59]} 28. h3 {[%emt 0:00:23]} Qc6 {[%emt 0:01:23]} 29. Rc2 {[%emt 0:00:49]} Qd6 {[%emt 0:00:33]} 30. Rd2 {[%emt 0:00:15]} Qc6 {[%emt 0:00:18]} 31. Rc2 {[%emt 0:00:04]} 1/2-1/2

[Event "Winter Malopolska Cup Master 2022"]
[Site "Krakow"]
[Date "2022.01.15"]
[Round "2.6"]
[White "Kania, Franciszek"]
[Black "Szopa, Emilia"]
[Result "0-1"]
[WhiteElo "1528"]
[BlackElo "1588"]
[Annotator "NA RC"]
[PlyCount "72"]
[EventDate "2022.01.15"]
[EventType "swiss"]
[EventCountry "POL"]
[SourceTitle "playchess.com"]
[Source "ChessBase"]
[SourceQuality "1"]
[TimeControl "5400+30"]

1. e4 {[%emt 0:00:03]} c6 {[%emt 0:00:08]} 2. d4 {[%emt 0:00:08]} d5 {[%emt 0:00:06]} 3. Nc3 {[%emt 0:00:11]} dxe4 {[%emt 0:00:11]} 4. Nxe4 {[%emt 0:00:07]} Nd7 {[%emt 0:00:29]} 5. Nf3 {[%emt 0:00:54]} Ngf6 {[%emt 0:00:58]} 6. Nxf6+ {[%emt 0:02:59]} Nxf6 {[%emt 0:01:37]} 7. Bd3 {[%emt 0:00:52]} Bg4 {[%emt 0:02:04]} 8. c3 {[%emt 0:00:40]} e6 {[%emt 0:03:43]} 9. Bf4 {[%emt 0:02:10]} Be7 {[%emt 0:05:59]} 10. Qd2 {[%emt 0:01:28]} Bxf3 {[%emt 0:05:19]} 11. gxf3 {[%emt 0:00:28]} Nd5 {[%emt 0:02:15]} 12. Bg3 {[%emt 0:12:47]} Bd6 {[%emt 0:05:25]} 13. O-O-O {[%emt 0:01:21]} Qc7 {[%emt 0:05:54]} 14. Kb1 {[%emt 0:04:13]} O-O-O {[%emt 0:03:31]} 15. Qc2 {[%emt 0:07:41]} h5 {[%emt 0:03:01]} 16. Rde1 {[%emt 0:01:45]} h4 {[%emt 0:02:44]} 17. Be5 {[%emt 0:00:28]} Bxe5 {[%emt 0:06:13]} 18. dxe5 {[%emt 0:05:00]} Rh5 {[%emt 0:05:10]} 19. Re4 Rdh8 {[%emt 0:05:37]} 20. f4 {[%emt 0:07:41]} h3 {[%emt 0:08:31]} 21. Qe2 {[%emt 0:06:05]} Qb6 {[%emt 0:08:00]} 22. Ka1 {[%emt 0:02:04]} Rf5 {[%emt 0:00:36]} 23. Qg4 {[%emt 0:16:43]} g6 {[%emt 0:04:09]} 24. f3 {[%emt 0:03:38]} Qd8 {[%emt 0:08:57]} 25. Ra4 Ne3 {[%emt 0:01:15]} 26. Bxf5 {[%emt 0:03:01]} Nxg4 {[%emt 0:00:54]} 27. Bxg4 {[%emt 0:00:06]} c5 {[%emt 0:02:06]} 28. Rxa7 {[%emt 0:01:28]} Kb8 {[%emt 0:00:26]} 29. Ra4 {[%emt 0:00:14]} Qd2 {[%emt 0:00:13]} 30. Re4 {[%emt 0:01:43]} Rd8 {[%emt 0:00:49]} 31. Ree1 {[%emt 0:00:50]} Qxf4 {[%emt 0:00:28]} 32. Re4 {[%emt 0:01:06]} Qd2 {[%emt 0:01:16]} 33. a3 {[%emt 0:00:46]} Qc2 {[%emt 0:00:51]} 34. Bxh3 {[%emt 0:00:21]} Rd1+ {[%emt 0:00:52]} 35. Rxd1 {[%emt 0:00:19]} Qxd1+ {[%emt 0:00:08]} 36. Ka2 {[%emt 0:00:01]} Qxf3 {[%emt 0:00:13]} 0-1

[Event "Winter Malopolska Cup Master 2022"]
[Site "Krakow"]
[Date "2022.01.15"]
[Round "2.7"]
[White "Nowak, Maciej"]
[Black "Klementys, Jerzy"]
[Result "1-0"]
[WhiteElo "2005"]
[BlackElo "1564"]
[Annotator "TA"]
[PlyCount "67"]
[EventDate "2022.01.15"]
[EventType "swiss"]
[EventCountry "POL"]
[SourceTitle "playchess.com"]
[Source "ChessBase"]
[SourceQuality "1"]

{[%evp 18,67,41,33,85,83,113,62,64,58,62,54,74,82,77,64,116,-45,439,425,533,523,531,525,537,519,520,504,599,605,605,591,943,792,1027,968,929,925,956,940,913,872,1252,1243,1757,1760,29991,29992,29994,29995,29998,29999]} 1. d4 Nf6 2. c4 g6 3. f3 Bg7 4. e4 d6 5. Nc3 O-O 6. Be3 e5 7. d5 c6 8. Nge2 cxd5 9. cxd5 a6 10. g4 b5 {[#] E89: King's Indian: Sämisch: 6...e5 7 d5 c6 8 Nge2 cxd5.} (10... Bxg4 $14 11. fxg4 Nxg4) 11. Ng3 $1 $16 {[#]} b4 $146 ({Predecessor:} 11... Nbd7 12. Qd2 Nb6 13. h4 b4 14. Nd1 Bd7 15. h5 Bb5 16. Bh6 Bxf1 17. Bxg7 Kxg7 18. hxg6 fxg6 19. Qh6+ Kf7 20. Kxf1 Rh8 {1-0 (37) Serbin,R (1969)-Zrost,R (1972) Slovakia 2013}) 12. Nce2 ({White should play} 12. Na4 $16) 12... a5 $14 {White is slightly better.} 13. h4 {[%cal Bh2h4,Bh4h5][%mdl 32]} Na6 {[%cal Oc8g4]} 14. Qd2 Nd7 15. h5 {White is more active.} Nac5 16. Ng1 Nb6 ({Black should try} 16... a4 $14) 17. Bh6 $2 (17. hxg6 $16 {Qh2 is the strong threat.} fxg6 18. Qh2) 17... Qf6 $2 {[%mdl 8192] A mistake that costs the game.} (17... Bxh6 $1 $15 {keeps the upper hand.} 18. Qxh6 g5) 18. Bg5 $18 Bh6 19. Bxh6 Re8 20. Bg5 Qg7 21. hxg6 fxg6 22. Be3 Nbd7 23. Nh3 Qf8 24. Ng5 h6 {[#]} 25. Qh2 $1 Ba6 (25... Nf6 26. Bb5) 26. Qxh6 Qxh6 27. Rxh6 Kg7 28. Rh7+ Kg8 29. Bxa6 Rxa6 30. Bxc5 Nxc5 31. Ke2 {White threatens Rah1 and mate.} Raa8 32. Rah1 {[%cal Ba1h1,Bh1h6,Bh6g6][%mdl 32] White mates.} a4 33. R1h6 a3 34. Rxg6+ {Weighted Error Value: White=0.23 (precise) /Black=0.79} 1-0

[Event "Winter Malopolska Cup Master 2022"]
[Site "Krakow"]
[Date "2022.01.16"]
[Round "3.1"]
[White "Golenia, Wojciech"]
[Black "Kyc, Jerzy"]
[Result "1-0"]
[WhiteElo "2059"]
[BlackElo "2250"]
[Annotator "ChessBase"]
[PlyCount "115"]
[EventDate "2022.01.15"]
[EventType "swiss"]
[EventCountry "POL"]
[SourceTitle "playchess.com"]
[Source "ChessBase"]
[SourceQuality "1"]
[TimeControl "5400+30"]

1. c4 {[%emt 0:00:23]} c5 {[%emt 0:01:28]} 2. Nc3 {[%emt 0:01:29]} Nc6 {[%emt 0:00:23]} 3. g3 {[%emt 0:01:25]} g6 {[%emt 0:03:26]} 4. Bg2 {[%emt 0:01:40]} Bg7 {[%emt 0:00:05]} 5. Nf3 {[%emt 0:00:21]} Nf6 {[%emt 0:05:19]} 6. O-O {[%emt 0:02:29]} O-O {[%emt 0:00:07]} 7. d3 {[%emt 0:06:10]} b6 {[%emt 0:05:30]} 8. a3 {[%emt 0:05:40]} Bb7 {[%emt 0:01:26]} 9. Rb1 {[%emt 0:02:53]} d5 {[%emt 0:09:53]} 10. cxd5 {[%emt 0:03:27]} Nxd5 {[%emt 0:00:02]} 11. Bd2 {[%emt 0:11:45]} e5 {[%emt 0:06:25]} 12. Qa4 {[%emt 0:07:02]} Re8 {[%emt 0:07:12]} 13. Rfc1 {[%emt 0:07:03]} Nd4 {[%emt 0:02:00]} 14. Nxd4 {[%emt 0:06:27]} exd4 {[%emt 0:05:37]} 15. Nxd5 {[%emt 0:01:38]} Bxd5 {[%emt 0:00:16]} 16. Re1 {[%emt 0:01:31]} Bxg2 {[%emt 0:00:36]} 17. Kxg2 {[%emt 0:00:08]} Qd5+ {[%emt 0:01:08]} 18. Kg1 {[%emt 0:01:28]} Re7 {[%emt 0:02:56]} 19. b4 {[%emt 0:03:04]} cxb4 {[%emt 0:10:31]} 20. Bxb4 {[%emt 0:06:01]} Re6 {[%emt 0:00:56]} 21. Rbc1 {[%emt 0:02:59]} a5 {[%emt 0:04:42]} 22. Bd2 {[%emt 0:01:15]} h5 {[%emt 0:01:54]} 23. Qc4 {[%emt 0:02:55]} Qf5 {[%emt 0:01:57]} 24. a4 {[%emt 0:03:13]} h4 {[%emt 0:02:50]} 25. Rb1 {[%emt 0:06:27]} Rae8 {[%emt 0:02:19]} 26. Qb5 {[%emt 0:03:54]} Qxb5 {[%emt 0:12:14]} 27. Rxb5 {[%emt 0:01:12]} Rxe2 {[%emt 0:00:05]} 28. Kf1 {[%emt 0:01:13]} Rxe1+ {[%emt 0:02:10]} 29. Bxe1 {[%emt 0:00:01]} hxg3 {[%emt 0:00:30]} 30. fxg3 {[%emt 0:00:47]} Re6 {[%emt 0:00:45]} 31. Rd5 {[%emt 0:01:36]} Re3 {[%emt 0:00:25]} 32. Rd8+ {[%emt 0:01:53]} Kh7 {[%emt 0:00:04]} 33. Rd6 {[%emt 0:00:49]} Rxd3 {[%emt 0:00:48]} 34. Rxb6 {[%emt 0:00:01]} Ra3 {[%emt 0:00:26]} 35. Bxa5 {[%emt 0:02:44]} Rxa4 {[%emt 0:00:12]} 36. Bd2 {[%emt 0:00:37]} Ra2 {[%emt 0:00:11]} 37. Ke1 {[%emt 0:00:23]} Bh6 {[%emt 0:07:04]} 38. Bxh6 {[%emt 0:00:43]} Kxh6 {[%emt 0:00:02]} 39. Rd6 {[%emt 0:03:19]} Rxh2 {[%emt 0:00:36]} 40. Rxd4 {[%emt 0:00:18]} Rg2 {[%emt 0:00:34]} 41. Rd3 {[%emt 0:00:28]} Kh5 {[%emt 0:00:24]} 42. Kf1 {[%emt 0:00:16]} Rb2 {[%emt 0:00:14]} 43. Rd4 {[%emt 0:00:52]} f5 {[%emt 0:00:18]} 44. Rh4+ {[%emt 0:00:57]} Kg5 {[%emt 0:00:01]} 45. Ra4 {[%emt 0:00:15]} Rd2 {[%emt 0:00:13]} 46. Rb4 {[%emt 0:00:27]} Rh2 {[%emt 0:00:36]} 47. Kg1 {[%emt 0:00:30]} Re2 {[%emt 0:00:03]} 48. Kf1 {[%emt 0:01:09]} Re4 {[%emt 0:00:07]} 49. Rb6 {[%emt 0:00:26]} Kh5 {[%emt 0:00:05]} 50. Kg2 {[%emt 0:01:03]} g5 {[%emt 0:00:07]} 51. Kf3 {[%emt 0:00:38]} Rc4 {[%emt 0:00:22]} 52. Rb5 {[%emt 0:00:30]} Rc3+ {[%emt 0:00:45]} 53. Kg2 {[%emt 0:00:29]} Rc2+ {[%emt 0:00:04]} 54. Kf3 {[%emt 0:00:23]} g4+ {[%emt 0:00:15]} 55. Kf4 {[%emt 0:00:42]} Rf2+ {[%emt 0:00:06]} 56. Ke5 {[%emt 0:00:10]} Rf3 {[%emt 0:04:35]} 57. Kf6 {[%emt 0:00:09]} Rxg3 {[%emt 0:00:06]} 58. Rb8 {[%emt 0:00:16]} 1-0